LEADER 01100naa a2200217 u 4500 001 000000095228 003 CaOOAMICUS 005 20070226130141.0 008 040617s1975 gw cf u000 u fre u 020 $a3777275190 035 $a11000762 040 $aIAR$bita 100 1 $aCourcelle, Pierre Paul,$d1912-1980.$0(OLS)http://pul/name/6777 245 12$aL'interprétation evhémériste des Sirènes-courtisanes jusqu'au XIIe siècle /$cPierre Courcelle. 260 $aStuttgart :$bHiersemann,$c1975. 300 $aS. 33-48, ;$c26 cm 773 0 $aGesellschaft - Kultur - Literatur : Rezeption und Originalität im Wachsen einer europäischen Literatur und Geistigkeit. 773 0 $tGesellschaft, Kultur, Literatur : Rezeption und Originalität im Wachsen einer europäischen Literatur und Geistigkeit: Beiträge Luitpold Wallach gewidmet$w()10631 996 $6020$a3777275190$9(OLS)http://pul/number/13657 996 $6245$aL'interprétation evhémériste des Sirènes-courtisanes jusqu'au XIIe siècle$9(OLS)http://pul/title/122101 996 $6260$aStuttgart :$bHiersemann$9(OLS)http://pul/publisher/48047 LEADER 01354nam a2200325 a 4500 001 000000138762 003 CaOOAMICUS 005 20140611112538.0 008 140611s2007 fr u000 u fre r 020 $z9782070785698* 040 $aPUL$bita 082 04$a320.1 100 1 $aManent, Pierre.$0(OLS)http://pul/name/40116 245 10$aEnquête sur la démocratie :$bétudes de philosophie politique /$cPierre Manent ; avant-propos de Jean-Vincent Holeindre. 260 $aParis :$bGallimard,$c©2007. 300 $a472 p. ;$c19 cm 490 1 $aTel ;$v351 504 $aBibliografia p. [465]-470. 650 4$aScienza della politica.$0(OLS)http://pul/subject/7138 700 1 $aHoleindre, Jean-Vincent.$0(OLS)http://pul/name/89503 830 0$aTel ;$v351.$0(OLS)http://pul/title/175683 850 $aPUL 852 $aPUL$W1$xSL Diritto e Scienze Sociali 3$y79$m320. 1 MANPI 2$j160171$qDDC 21$B159626$CPULBib$Z2$F159626 $H124196 $82 941 1 $a9 960 $aScienze politiche$97138 996 $6020$z9782070785698*$9(OLS)http://pul/number/155485 996 $6082$a320.1$9(OLS)http://pul/classification/582 996 $6245$aEnquête sur la démocratie :$bétudes de philosophie politique$9(OLS)http://pul/title/175682 996 $6260$aParis :$bGallimard$9(OLS)http://pul/publisher/48435